Oxidačná degenerácia vybraných polutantov s využitím systému kovový hliník-kyselina diplomová práca

Gespeichert in:
Bibliographische Detailangaben
1. Verfasser: Hrdlička, Lukáš
Format: Buch
Sprache:Slowakisch
Veröffentlicht: Bratislava STU FCHPT 2014
Online-Zugang:Im OPAC anzeigen
Tags: Tag hinzufügen
Keine Tags, Fügen Sie das erste Tag hinzu!

MARC

LEADER 00000nam a2200000 a 4500
005 20260127133951.0
008 140708 2014 000 0 slo d
035 |a vtls010608762 
039 9 |y 201407081201  |z mschk03 
040 |a STUSCHK1  |b slo  |c STUSCHK1  |e AACR2 
100 1 |a Hrdlička, Lukáš 
245 1 |a Oxidačná degenerácia vybraných polutantov s využitím systému kovový hliník-kyselina  |b diplomová práca  |c Lukáš Hrdlička 
260 |a Bratislava  |b STU FCHPT  |c 2014 
300 |a 53 s.  |b Obr., tab., grafy  |c 30 cm 
500 |a Obhájené: 9.6.2013 
500 |a Štud. program: environmentálna chémia a technológia 
500 |a Štud. odbor: chemické technológie 
500 |a Škol. pracovisko: Odd. environmentálneho inžinierstva 
500 |a Evid. číslo: FCHPT-13572-68540 
910 |a SCHK95 
999 |c 1077  |d 1077